000 00343nam a2200133Ia 4500
008 210210b1992 xxu||||| |||| 00| 0 eng d
082 _aT894.1 BALP
100 _aBALAKRASHNA SHETTI POLALI (A).
245 _aPengadumana kabitolu.
260 _aParkala
_bShri Devi Prakashana
_c1992
300 _a152
690 _aTulu Poetry
906 _a047838
999 _c96679
_d96679